Hello, Jenny. (Record no. 110830)
[ view plain ]
| 000 -LEADER | |
|---|---|
| fixed length control field | 00330nam a2200133 a 4500 |
| 005 - DATE AND TIME OF LATEST TRANSACTION | |
| control field | 20140414131904.0 |
| 008 - FIXED-LENGTH DATA ELEMENTS--GENERAL INFORMATION | |
| fixed length control field | 100922s19uu xx 00 eng d |
| 050 ## - LIBRARY OF CONGRESS CALL NUMBER | |
| Classification number | FIC |
| Item number | M46 1995 |
| 100 ## - MAIN ENTRY--PERSONAL NAME | |
| Personal name | Meyers, Susan |
| 245 ## - TITLE STATEMENT | |
| Title | Hello, Jenny. |
| 260 ## - PUBLICATION, DISTRIBUTION, ETC. (IMPRINT) | |
| Place of publication, distribution, etc | New York : |
| Name of publisher, distributor, etc | Troll, |
| Date of publication, distribution, etc | 1995. |
| 440 ## - SERIES STATEMENT/ADDED ENTRY--TITLE | |
| Title | Always friends club |
| Withdrawn status | Lost status | Damaged status | Home library | Current library | Shelving location | Date acquired | Total Checkouts | Full call number | Barcode | Date last seen | Price effective from | Koha item type |
|---|---|---|---|---|---|---|---|---|---|---|---|---|
| Munich Library | Munich Library | Fiction Section | 09/22/2010 | FIC M46 1995 | M1334 | 04/14/2014 | 04/14/2014 | Books |